000 00426nam a2200145Ia 4500
008 090122s9999 xx 000 0 und d
082 _b10145
100 _aशहा
_bलीला
245 _aडॉ. राजेंद्रसिंह
600 _aशहा
630 _aडॉ. राजेंद्रसिंह
700 _aशहा
730 _aडॉ. राजेंद्रसिंह
942 _cBOOK
999 _c34222
_d34222